[Event "La Roche sur Yon"]
[Site "La Roche sur Yon"]
[Date "2006.03.19"]
[Round "5"]
[White "Rodriguez Guerrero, Enrique"]
[Black "Maze, Sebastien"]
[Result "0-1"]
[WhiteElo "2464"]
[BlackElo "2518"]
[Annotator "Finkel,A"]
[PlyCount "106"]
[EventDate "2006.03.15"]
[EventType "tourn"]
[EventRounds "9"]
[EventCountry "FRA"]
[EventCategory "12"]
[SourceTitle "CBM 112"]
[Source "ChessBase"]
[SourceDate "2006.06.07"]
[SourceVersion "1"]
[SourceVersionDate "2006.06.07"]
[SourceQuality "1"]

1. e4 c5 2. Nf3 Nc6 3. Nc3 e5 4. Bc4 Be7 5. d3 Nf6 6. Ng5 O-O 7. f4 d5 $5 8.
Nxd5 {After the move in the game White is forced to take on f7 if he wants to
fight for an opening advantage. The problem is that Black has excellent piece
play in that line.} (8. exd5 Nd4) 8... Nxd5 9. Bxd5 exf4 10. Nxf7 ({I guess} 
10. Nf3 Bh4+ 11. Kf1 Bf6 12. Bxc6 bxc6 13. Bxf4 {could be another direction,
but it's hard to believe that White might be better here.}) 10... Rxf7 11. O-O
{In my opinion it makes more sense to trade the queens as it would be easier
for White to advance his pawns in the center.} (11. Qh5 $5 Qf8 12. Qxf7+ Qxf7
13. Bxf7+ Kxf7 14. Bxf4 Bf6 15. Rf1 Kg8 16. c3 Be6 17. Ke2 Rd8 18. h3 b6 19. g4
h6 $13 {Paschall,W-Nilssen,J/Budapest 2004}) 11... Bf6 (11... Qe8 12. Bxf4 Kh8
13. Bxf7 Qxf7 14. Bg5 Qe8 15. Bxe7 Qxe7 16. c3 Be6 17. Qa4 Rd8 18. Rad1 Bg4
$132 {Sutovsky,E-Kharlov,A/Moscow 2005}) 12. Bxf4 Qe7 13. Bxf7+ Qxf7 14. Bg5 (
14. Bd6 Qg6 (14... b6 15. e5 Qd5 16. exf6 Qxd6 17. f7+ Kf8 18. Qh5 $36) 15.
Bxc5 Bh3 16. Qf3 Bg4 17. Qg3 b6 18. Ba3 Be5 $13) 14... Bd4+ 15. Kh1 Qe6 16. c3
Be5 17. Be3 Bd6 18. Qc2 Bd7 19. Bf4 {Unfortunately for White he can't push d4
as after} (19. d4 $6 cxd4 20. cxd4 Nb4 21. Qb1 Bb5 22. Rd1 Rc8 $17 {Black
pieces are far too active, but maybe 19.a3 deserved attention.}) (19. a3 $5)
19... Re8 20. Bxd6 Qxd6 $15 21. Qb3+ (21. Rad1) 21... Be6 22. Qxb7 Ne5 $1 {
[%cal Ge5d3,Ge5g4] In the following position two minor pieces are clearly
superior to White's rook.} (22... Rb8 23. Qa6 Rxb2 24. Qa3 (24. d4 $2 cxd4 25.
cxd4 Rb6 $17) 24... Rb5 25. Qa6 Rb6 $15) 23. h3 Nxd3 24. Qxa7 h6 $1 {First of
all Black takes care of his own king.} 25. Rf3 (25. a4 Qc6 26. a5 Qxe4 27. Rf3)
25... Nxb2 26. a4 Nc4 27. a5 Ne5 28. Rf2 (28. Rg3 $6 Nd7 29. Rf3 Qc6 $17 {
[%csl Ra7]}) 28... Qc6 29. Raf1 $6 ({White's best chances was} 29. Rb2 Qxe4 30.
Rb8 Rxb8 31. Qxb8+ Kh7 32. Qb1 Nd3 33. Qf1 c4 34. a6 $132 {distracting Black
by advance of the pawn.}) 29... Nd7 30. a6 Ra8 31. Qb7 Rxa6 32. Qb1 (32. Qxc6
Rxc6 33. Ra1 c4 $17) 32... Ra4 $17 {The rest is just a matter of technique.}
33. Re1 Qa8 34. Rb2 Ra3 35. Qd3 Qa6 36. Qg3 Ra1 37. Rbb1 Rxb1 38. Rxb1 Kh7 39.
Re1 Qc4 40. Kh2 Nf6 41. Qe5 Bf7 $19 {[%csl Re4] Finally winning one of White's
pawns.} 42. Re3 Bg6 43. Rg3 Bxe4 44. Qe7 Bg6 45. Rf3 Nd5 46. Qd8 Be4 47. Rf8
Nf6 48. Qc7 Qxc3 49. Rc8 Qc2 50. Qg3 Nd5 51. Rd8 Ne3 52. Kg1 Qc1+ 53. Kf2 Nxg2
0-1

[Event "EU-ch 6th"]
[Site "Warsaw"]
[Date "2005.06.18"]
[Round "1"]
[White "Zelcic, Robert"]
[Black "Moiseenko, Alexander"]
[Result "0-1"]
[WhiteElo "2514"]
[BlackElo "2665"]
[Annotator "Finkel,A"]
[PlyCount "106"]
[EventDate "2005.06.18"]
[EventType "swiss"]
[EventRounds "13"]
[EventCountry "POL"]
[SourceTitle "CBM 108"]
[Source "ChessBase"]
[SourceDate "2005.09.26"]
[SourceVersion "1"]
[SourceVersionDate "2005.09.26"]
[SourceQuality "1"]

1. e4 c5 2. Nf3 Nc6 3. Nc3 e5 4. Bc4 Be7 5. d3 Nf6 6. Ng5 O-O 7. f4 d6 8. O-O
Bg4 9. Qe1 exf4 10. Bxf4 Nd4 11. Qh4 $5 {Very interesting continuation which
isn't any worse than more popular 11.Qd2 and 11.e5.} (11. Qd2 Qd7 (11... h6 12.
Nf3 Nxf3+ (12... Bxf3 13. gxf3 Qd7 14. Be3 b5 15. Bxd4 bxc4 16. Bxf6 Bxf6 17.
dxc4 Bd4+ 18. Kh1 $14 {Grischuk,A-Cheparinov,I/Mallorca 2004}) 13. gxf3 Be6 14.
Rae1 (14. Kh1 Kh7 15. Qg2 d5 16. Rg1 g6 17. exd5 Nxd5 18. Nxd5 Bxd5 19. Qh3 h5
$11 {Shirov,A-Leko,P/Linares 2004}) 14... Kh7 15. Kh1 Nh5 (15... Qd7 16. Rg1 a6
17. Qg2 Rg8 18. Bd2 g6 19. f4 b5 20. Bxe6 fxe6 21. Qh3 Bf8 22. Rg2 $14 {
Guseinov,G-Vescovi,G/Tripoli 2004}) 16. Bg3 Bh4 17. Rg1 Nxg3+ 18. hxg3 Bf6 19.
Kg2 Qa5 20. Re2 Bxc3 21. Qxc3 Qxc3 {1/2-1/2 Topalov,V-Leko,P/Linares 2004}) (
11... a6 $6 12. h3 Bd7 13. a4 Bc6 14. Bd5 Qd7 15. a5 h6 16. Nf3 Kh7 17. Be3 Ne6
18. Bb3 Rae8 19. Nd5 $14 {Andrejchuk,V-Baranov,J/Alushta 2005}) 12. h3 (12. Be3
h6 13. Nf3 Nxf3+ 14. gxf3 Be6 15. Kh1 Kh7 16. Bxe6 Qxe6 (16... fxe6 17. Qg2 Rf7
18. Rg1 Raf8 19. Ne2 d5 20. Nf4 g5 21. Ng6 Nh5 22. Nxf8+ Rxf8 23. Qh3 $14 {
Bologan,V-Radjabov,T/Dortmund 2003}) 17. Rae1 Qh3 18. Qg2 Qxg2+ 19. Kxg2 a6 20.
f4 Rac8 21. Bf2 $14 {Kramnik,V-Degraeve,J/Senat 2003}) 12... Bh5 13. Kh2 (13.
g4 h6 14. gxh5 hxg5 15. Bxg5 Qxh3 16. Qg2 Qxg2+ 17. Kxg2 Nxc2 18. Rac1 Nd4 19.
h6 Rae8 20. Bd2 $44 {1/2-1/2 Topalov,V-Kramnik,V/Linares 2004}) 13... b5 14.
Bb3 Nxb3 15. axb3 b4 16. Ne2 d5 17. e5 Ne8 18. Nf3 Nc7 19. Bg5 f6 20. exf6 Bxf6
21. Bxf6 Rxf6 22. Nfg1 Qd6+ $11 {1/2-1/2 Nikolenko,O-Neverov,V/Czestochowa 1992
}) (11. e5) 11... h6 $8 (11... Bh5 $2 12. Nxh7 Kxh7 13. Bg5 b5 14. Bxf6 Bxf6
15. Qxh5+ Kg8 16. Bd5 $16 {Walek,M-Hagara,E/Czechia 2003}) 12. Nxf7 ({Another
option was tricky} 12. e5 $5 {but after calm} dxe5 {white has to go for} (12...
hxg5 $2 13. Bxg5 dxe5 14. Bxf6 Bxf6 15. Qxg4 Nxc2 16. Ne4 $1 (16. Nd5 $6 Bg5 $1
) 16... Ne3 (16... Be7 $2 17. Qh5 $1 Qe8 (17... Nxa1 18. Rxf7 Rxf7 19. Qxf7+
Kh7 20. Qh5#) 18. Rf3 $18 {[%cal Gf3h3]}) 17. Qh5 (17. Nxf6+ $2 Qxf6 18. Rxf6
Nxg4 $15) 17... Nxf1 18. Rxf1 $18) 13. Nxf7 Rxf7 14. Bxf7+ Kxf7 15. Bxe5 Be6 (
15... Nxc2 16. Qxg4 Nxa1 17. Qc4+ Kg6 18. Rxa1 $14) 16. Ne4 Kg6 $13 {with
unclear position.}) 12... Rxf7 13. Bxf7+ (13. e5 $5) 13... Kxf7 14. Bxh6 $1 Be6
15. Qh5+ (15. Bg5 Nxc2 16. Rac1 Nd4 17. Rf2 Kg8 18. Rcf1 Qd7 $15) 15... Kg8 16.
Qg6 Bf8 17. Bg5 Qe8 18. Qxe8 (18. Rxf6 $2 Qxg6 19. Rxg6 Bf7 $19) 18... Rxe8 $11
{Arising endgame is equal since black has a strong play on the queenside.} 19.
Rf2 (19. Bxf6 gxf6 20. Rf2 Bh6 21. Re1 Kg7 $15) 19... Be7 {[%cal Gf6g4]} 20.
Rd2 (20. h3 $2 Ng4 $1 21. Bxe7 Nxf2 22. Bxd6 Nxc2 23. Rc1 Nb4 $1 $19 {[%cal
Gb4d3]}) 20... Kh7 21. Rf1 Kg6 22. Bf4 Ng4 23. Ne2 (23. a3 $5 Bg5 24. Bxg5 Kxg5
25. Nd1 b5 26. h3 Ne5 27. Kh2 a5 28. Ne3 b4 $13) 23... Bg5 24. Nxd4 $6 {
Opening the c-file is hardly a good idea since black rook becomes very active.}
(24. Bxg5 Nxe2+ 25. Rxe2 Kxg5 26. h3 Ne5 27. Ref2 b5 28. a3 (28. Rf8 Rxf8 29.
Rxf8 Bxa2 {[%cal Ga2b1]} 30. Rf1 $1 Be6 31. Ra1 Nc6 32. Ra6 Bd7 $15) 28... a5
29. Rf8 $13) 24... cxd4 25. Bxg5 Kxg5 26. c3 dxc3 27. bxc3 b5 $1 $15 {[%csl
Rc3]} 28. Ra1 (28. h3 Ne5 29. d4 Nd7 $1 $15 {[%csl Gf8][%cal Ge8c8,Gd7b6,Gb6a4]
} (29... Nc4 30. Rdf2 Re7 31. Rf8 Nd2 32. R1f4)) 28... Rc8 29. h3 Ne5 30. a4 a6
31. axb5 axb5 32. d4 Ng6 33. Ra5 (33. Ra6) 33... Bc4 34. Ra6 Nf4 35. Kf2 $2 {
Blundering a pawn.} (35. Rxd6 Ne2+ 36. Kf2 Nxc3 37. Ke3 Re8 38. e5 b4 $13)
35... d5 $19 36. exd5 (36. e5 $2 b4 37. Ra1 bxc3 38. Rc2 Bb3 $19) (36. Ke3 dxe4
37. Kxe4 Bd5+ 38. Ke3 Rxc3+ $19) 36... Nxd5 37. Ra3 Rf8+ 38. Kg1 (38. Kg3 Ne3 {
[%csl Rg3][%cal Ge3f1]} 39. Rb2 Nf1#) 38... Rf1+ 39. Kh2 Rc1 {[%csl Rc3]} 40.
Ra7 g6 41. Rb7 Rxc3 42. Rb2 Rd3 43. R7xb5 Bxb5 44. Rxb5 Rxd4 45. Rb2 Ne3 46.
Rb3 Kf4 47. Rb6 Rd1 48. g3+ (48. Rxg6 Nf1+ 49. Kg1 Ng3+ 50. Kf2 Rf1#) 48... Kf5
49. g4+ Kf4 50. Rf6+ (50. Rxg6 Rd2+ 51. Kg1 Kg3 $19) 50... Kg5 51. Ra6 Kh4 52.
Re6 Rd2+ 53. Kg1 Re2 0-1

[Event "EU-ch 6th"]
[Site "Warsaw"]
[Date "2005.06.30"]
[Round "12"]
[White "Motylev, Alexander"]
[Black "Parligras, Mircea Emilian"]
[Result "1-0"]
[WhiteElo "2680"]
[BlackElo "2560"]
[Annotator "Finkel,A"]
[PlyCount "43"]
[EventDate "2005.06.18"]
[EventType "swiss"]
[EventRounds "13"]
[EventCountry "POL"]
[SourceTitle "CBM 108"]
[Source "ChessBase"]
[SourceDate "2005.09.26"]
[SourceVersion "1"]
[SourceVersionDate "2005.09.26"]
[SourceQuality "1"]

1. e4 c5 2. Nf3 Nc6 3. Nc3 Nf6 4. Bb5 Qc7 5. O-O Nd4 6. Nxd4 {As I mentioned
in my comments to the game Predojevic-Timofeev/Sarajevo/2005 this line is
getting more and more popular lately. In my opinion this defeat shouldn't
frighten those who use it as black since black's play mcst definitely could be
improved.} (6. Re1) (6. Bc4 e6 7. h3 a6 8. a4 Be7 9. d3 O-O 10. Nxd4 cxd4 11.
Ne2 Nxe4 12. Nxd4 Nf6 $11 {Brajovic,R-Knezevic,B/Vrnjacka Banja 1998}) (6. Ba4
e6 7. d3 a6 8. Nxd4 cxd4 9. Ne2 b5 10. Bb3 Bc5 11. h3 Bb7 12. Bf4 d6 13. Bh2
$14 {Svetushkin,D-Brajovic,R/Bucharest 1999}) (6. Bd3 $5 Nxf3+ 7. Qxf3 e6 8.
Re1 d6 9. b3 a6 10. Bb2 b5 11. Nd5 Nxd5 12. exd5 Bb7 13. a4 $14 {Svidler,
P-Kramnik,V/Internet ICC 1999}) 6... cxd4 7. Nd5 (7. Ne2 $6 Nxe4 8. Nxd4 e6 9.
Re1 Nf6 10. Nf3 Be7 11. d4 O-O 12. Bg5 d6 13. Bd3 b6 14. c4 Bb7 $13 {Sprenger,
J-Lindinger,M/Hamburg 2003}) 7... Nxd5 8. exd5 Qc5 (8... a6 9. Ba4 (9. Be2 g6
10. c4 Bg7 11. d3 O-O 12. Bg5 d6 13. Qd2 e5 14. dxe6 fxe6 15. Bg4 $13 {
Guidarelli,L-Lautier,J/Aix les Bains 2003}) 9... g6 10. d3 Bg7 (10... b5 11.
Bb3 Bg7 $2 12. d6 $1 $16 {Benjamin,J-Nakamura,H/New York 2004}) 11. Bg5 b5 12.
Bb3 e6 13. c4 dxc3 14. bxc3 O-O 15. Rc1 Bb7 16. c4 $14 {Teske,H-Souleidis,G/
Germany 2003}) (8... g6 9. Re1 a6 10. Ba4 Bg7 11. d3 h6 12. Qe2 Bf6 13. Qf3 Kf8
14. Bd2 d6 $13 {Laznicka,V-Zezulkin,J/Czechia 2004}) 9. c4 (9. Qe2 $6 Qxd5 10.
c4 Qf5 11. b4 e6 12. Bb2 Bxb4 13. Bxd4 O-O 14. Rab1 Bd6 $15 {Boudre,J-Godard,M/
Meribel 1998}) 9... a6 (9... dxc3 10. Qb3 a6 11. Be2 c2 (11... e6 $6 12. dxc3
Bd6 13. Be3 Qc7 14. g3 b5 15. a4 $16 {Kryvoruchko,Y-Hamdouchi,H/Calvi 2005})
12. d4 Qd6 13. Bf3 g6 14. Bd2 Qf6 15. d6 Qxd6 16. Rfe1 $36 {Anand,V-Leko,P/
Linares 2003}) 10. b4 (10. Ba4 Qxc4 (10... b5 11. Bb3 (11. cxb5 Bb7 12. Bb3
axb5 13. d3 e6 14. Qf3 Bd6 15. Qg4 Bxd5 16. Qxg7 O-O-O 17. Bxd5 Qxd5 $15 {
Yarmysty,M-Kryvoruchko,Y/Lvov 2005}) 11... bxc4 12. Qc2 Qxd5 13. Bxc4 Qc6 14.
Qd3 Bb7 15. f3 Rc8 16. Bb3 e6 $17 {Bolacky,J-Stehno,P/Czechia 2004}) 11. Bb3
Qc5 12. d3 Qd6 13. Qf3 Qf6 14. Qe4 d6 15. Re1 g6 16. Bf4 Bf5 17. Qf3 O-O-O $132
{Karim,I-Ribera Baztan,J/Mallorca 2004}) 10... Qxb4 11. Ba4 b5 $5 {In my
opinion it's safer for black to play 11...g6, trying to accomplish development
as quickly as possible, but a move in the game has a full right to exist.} (
11... g6 12. d3 (12. Bb3 Bg7 13. a4 d6 14. Ba3 Qa5 15. Re1 Qd8 16. c5 O-O 17.
Rc1 Bf6 18. Qf3 Bg5 $6 19. Qd3 dxc5 20. Bxc5 $16 {Predojevic,B-Timofeev,A/
Sarajevo 2005}) 12... b5 (12... Bg7 13. Bd2 Qa3 14. Qc2 O-O 15. Rfb1 $5 (15.
Rab1 $6 b5 $1 16. Bb3 d6 17. Rfe1 Re8 18. cxb5 axb5 19. Qc6 Bf5 20. Qxb5 Reb8
21. Qc4 Rc8 22. Qb5 Rab8 $17) 15... Qd6 16. Ba5 $6 Bf6 17. Bb6 e6 $13 {
Sjugirov,S-Khairullin,I/Kirishi 2005}) 13. Bb3 Bg7 14. Bd2 (14. a4 bxc4 15.
Bxc4 d6 16. Re1 Qb7 17. Bg5 f6 18. Rb1 Qc7 19. Bd2 $44 {Gdanski,J-Dziuba,M/
Dzwirzyno 2004}) 14... Qd6 15. Qe1 bxc4 16. Bb4 Qe5 17. dxc4 a5 18. Bxa5 Qxe1
19. Bxe1 d6 $11 {Ulibin,M-Gagunashvili,M/Dubai 2003}) 12. Bc2 $5 (12. cxb5 g6
13. d6 $5 (13. d3 Bg7 14. Bd2 Qd6 15. Bb3 axb5 16. Qe1 Qf6 17. Bb4 d6 18. a4
O-O $13 {Frolov,D-Shariyazdanov,A/Tomsk 2004}) (13. b6 Bg7 14. d3 O-O 15. Bg5
Bb7 16. Re1 e6 17. dxe6 $13 {1/2-1/2 Ulibin,M-Avrukh,B/Biel 2003}) 13... Qxd6
14. Qf3 Rb8 15. Ba3 Qb6 16. Qf4 e6 (16... axb5) 17. Qf6 Rg8 18. Bxf8 Rxf8 19.
bxa6 $16 {Rossi,C-Balogh,E/Cork 2005}) 12... bxc4 (12... g6 $6 13. Rb1 Qc5 14.
Qf3 Rb8 15. d3 Bg7 16. Bd2 b4 17. a3 a5 18. axb4 axb4 19. Rb3 $16 {Boudre,
J-Richard,E/St Chely d'Aubrac 2005}) ({I believe} 12... Qxc4 $5 {will be
black's next attempt to defend. in some line it's very important to keep
square a4 under control.}) 13. Rb1 Qd6 $6 {I don't like this move. More in the
spirit of the position was} (13... Qa5 {even though white seems to have very
good compensation for a pawn.} 14. d3 c3 15. d6 (15. Qf3 d6 16. a3 g6 17. Rb4
Bg7 18. Ba4+ Kf8 19. Bc6 Ra7 20. Re1 h6 21. Qe4 Kg8 $13) 15... Qc5 16. Bf4 e6
17. Qf3 Qc6 18. Qg3 $36 {[%cal Gc2d1,Gd1f3]}) 14. d3 cxd3 $6 {Playing into
white's hands. It was necessary to play} (14... c3 $5 {not leting white queen
to become so influential.}) 15. Qxd3 Qxd5 16. Bd1 $1 $16 {[%cal Gd1f3]
Fantastic manouvre revealing the drawback's of black's 14th move.} Qc6 (16...
Qc5 17. Qe4 $1 (17. Bf3 $6 d5 18. Ba3 Qa5 (18... Qc3 19. Qxc3 dxc3 20. Bxd5 Ra7
21. Bc6+ Kd8 22. Bc5 $16) 19. Bb4 Qd8 20. Qxd4 e6 $13) 17... Qa7 (17... d5 18.
Ba4+ Bd7 19. Bxd7+ Kxd7 20. Qg4+ e6 21. Rb7+ Ke8 22. Bd2 $40 {[%cal Gf1c1]})
18. Bf4 e6 19. Ba4 Be7 20. Rfc1 Bd8 21. Bd6 $16) 17. Qxd4 e6 18. Bf4 $1 {
[%cal Gd1f3,Gf1c1,Gc1c7] Black is defenseless against numerous threats.} Qc5 (
18... d5 $4 19. Ba4 $18) (18... f6 19. Bh5+ $1 g6 20. Bf3 $18) 19. Qe4 Qa7 (
19... Qc6 20. Qxc6 dxc6 21. Bf3 Bd7 22. Rfd1 Be7 23. Rb7 Rd8 24. Rdxd7 Rxd7 25.
Bxc6 $18) (19... d5 20. Ba4+ Bd7 21. Bxd7+ Kxd7 22. Qa4+ Ke7 23. Bg5+ $1 Kd6 (
23... f6 24. Rb7+ $18) 24. Rfc1 $18) 20. Be3 d5 21. Ba4+ Bd7 22. Qf4 $1 {
[%csl Gc7]} 1-0

[Event "Alushta Autumn 1st"]
[Site "Alushta"]
[Date "2004.08.29"]
[Round "3"]
[White "Hasangatin, Ramil"]
[Black "Annageldyev, Orazly"]
[Result "0-1"]
[WhiteElo "2485"]
[BlackElo "2458"]
[Annotator "Finkel,A"]
[PlyCount "114"]
[EventDate "2004.08.28"]
[EventType "tourn"]
[EventRounds "15"]
[EventCountry "UKR"]
[EventCategory "9"]
[SourceTitle "CBM 103"]
[Source "ChessBase"]
[SourceDate "2004.11.11"]
[SourceVersion "1"]
[SourceVersionDate "2004.11.11"]
[SourceQuality "1"]

1. e4 c5 2. Nf3 Nc6 3. Bb5 e6 4. Bxc6 bxc6 5. d3 Ne7 6. Qe2 (6. Ng5) 6... Qc7
7. e5 Ng6 8. b3 {In this line the bishop has to be developed on b2.} (8. Na3
Be7 9. h4 f6 10. Nc4 O-O 11. h5 Nxe5 12. Ncxe5 fxe5 13. h6 g6 14. Nxe5 d6 15.
Nc4 e5 16. Bd2 Bf6 17. O-O-O d5 $13 {Kveinys,A-Fedorov,A/Plovdiv 2003}) 8...
Be7 9. Bb2 O-O 10. Nbd2 f6 11. Nc4 ({Deserved attention} 11. g3 $5 {[%csl Gf4]
taking square f4 under control} fxe5 12. Nxe5 Nxe5 13. Bxe5 d6 14. Bc3 e5 15.
O-O-O $13) 11... Nf4 12. Qd2 fxe5 $1 13. Bxe5 Nxg2+ 14. Kf1 d6 15. Kxg2 dxe5
16. Nfxe5 Ba6 17. Rae1 {Black bishops are not too strong and his pawn chain is
seriously damaged, so the position is some kind of dynamic equality due to
exposed position of the white king.} (17. Qa5 Qb7 18. Rae1 Rf5 19. Re3 Raf8 20.
Rf1 Bxc4 21. Nxc4 Qd7 $132) 17... Bxc4 18. Nxc4 Rf6 19. Rhf1 Raf8 20. Re4 Bd6
21. Nxd6 (21. h3 $2 Bg3 $1 22. Re2 Rg6 {[%csl Rg2]} 23. Kh1 Qf7 $19) 21... Qxd6
22. f3 $11 {The evaluation of the position didn't change after the trade of
all minor pieces: exposed position of the white king provides black sufficient
counterchances.} Rg6+ 23. Kh1 (23. Rg4 $2 Rxg4+ 24. fxg4 Qd5+ 25. Kg1 Rxf1+ 26.
Kxf1 Qh1+ 27. Kf2 Qxh2+ $19) 23... Rf5 24. Qe2 h5 25. Re1 Kf7 26. Qe3 (26. Ra4
Qc7 27. Qe4 Rgf6 28. Re3 Kg8 29. Ra6 e5 $11) 26... Rgf6 27. Rf1 g5 $6 28. Re1
Rg6 29. d4 $6 (29. Ra4 Rgf6 30. Rxa7+ Kg6 31. Qe4 $1 $14) 29... a5 30. c4 Rgf6
31. dxc5 Qxc5 32. Qxc5 Rxc5 33. Kg2 (33. Re5 Rxe5 34. Rxe5 Rf5 35. Re3 Kf6 36.
Kg2 Rf4 37. Rd3 $11) 33... Rcf5 34. R4e3 Rf4 35. Rd1 Ke7 36. Red3 R6f5 37. R1d2
Kf6 38. h3 a4 39. Re2 axb3 40. axb3 Re5 41. Ra2 $6 (41. Rxe5 Kxe5 42. Rd8 c5
43. Rg8 Rf5 44. Rg6 $11) 41... c5 42. Ra6 Kf5 43. Rad6 $6 (43. Ra2) 43... Re2+
44. Kf1 Rh2 45. Rc6 Rxh3 46. Rxc5+ Kf6 47. Ke2 Rh2+ 48. Ke3 h4 49. Rc8 Rg2 50.
Rd4 $6 (50. Rh8) 50... Rf5 51. Rf8+ Ke7 52. Rxf5 exf5 53. b4 $2 (53. c5 $142 h3
54. c6 Rc2 55. Rd7+ Ke6 56. Rh7 Rxc6 57. Rxh3 Rc3+ 58. Kf2 Rxb3 59. Rh8 Ke5 60.
Rc8 $15) 53... h3 54. Rd1 h2 55. Rh1 g4 56. b5 g3 57. b6 Rb2 0-1

[Event "Reggio Emilia 9900 42nd"]
[Site "Reggio Emilia"]
[Date "2000.01.02"]
[Round "7"]
[White "Yudasin, Leonid"]
[Black "Manca, Federico"]
[Result "1-0"]
[WhiteElo "2552"]
[BlackElo "2373"]
[Annotator "Finkel,A"]
[PlyCount "55"]
[EventDate "1999.12.27"]
[EventType "tourn"]
[EventRounds "9"]
[EventCountry "ITA"]
[EventCategory "8"]
[SourceTitle "CBM 075"]
[Source "ChessBase"]
[SourceDate "2000.04.05"]
[SourceVersion "1"]
[SourceVersionDate "2000.04.05"]
[SourceQuality "1"]

1. e4 c5 2. Nf3 Nc6 3. Bb5 e6 4. Bxc6 bxc6 5. d3 Ne7 6. h4 $5 {Interesting
continuation always leading to complicated struggle.} h5 (6... f6 7. Be3 (7. e5
$6 fxe5 8. Nxe5 d6 9. Nc4 Nf5 10. Bg5 Be7 11. Bxe7 Qxe7 12. Qh5+ g6 $15 {
Oratovsky, M-Miladinovic,I/WchJM-U20 1994 (59)}) 7... d6 8. c3 Rb8 9. Qc2 e5 (
9... Qb6 10. b4 Ba6 11. Nbd2 $14) 10. d4 Ba6 $6 11. dxc5 d5 12. Nbd2 $14 {
Oratovsky,M-Whitehead,J/North Bay op 1998}) 7. Qe2 (7. Nc3 Ng6 8. Ne2 e5 9. Bg5
f6 10. Be3 d5 11. c4 Bd6 $15 {Vasiukov,E-Zvjaginsev,V/RUS-ch 1995}) 7... Ng6 (
7... d5 8. c4 Ng6 9. e5 Be7 10. Nc3 Bxh4 11. Nxh4 Nxh4 12. g3 Nf5 $15 {
Oratovsky,M-Greenfeld,A/ 1999}) 8. e5 $1 d6 $6 {Playing into white's hands:
black remains with weak pawn c6 and c5.} (8... f6 9. Qe4 Kf7 10. Rh3 Nxe5 11.
Nxe5+ fxe5 12. Qxe5 $36) 9. exd6 Bxd6 10. Nc3 {[%csl Rc5,Rc6]} e5 11. Ng5 Bg4
12. f3 Bf5 13. Be3 Rb8 $2 {Missing the possibility to get counterplay after} (
13... c4 $1 14. dxc4 Bb4 {and black is doing just fine:} 15. g4 $5 Bd7 16. gxh5
Rxh5 17. f4 Rxh4 18. Rxh4 Nxh4 $132) 14. O-O-O Qb6 15. b3 Qa5 16. Nce4 (16. Na4
$2 c4 $1 17. Rde1 $8 (17. Bd2 $2 Qxa4 18. bxa4 Ba3#) (17. dxc4 Ba3+ 18. Kb1
Qxa4 $19) 17... Ba3+ 18. Kd1 cxd3 19. cxd3 Bxd3 20. Qxd3 Rd8 $17) 16... Be7 17.
Kb1 $16 O-O {It's hard to come up with something else,but after this move in
addition to the positional advantage white gets the material one.} 18. Ng3 Bd7
19. Nxh5 Rb6 20. Bd2 Qa3 21. Bc1 Qa5 22. Qd2 $1 {Depriving black the only
chanse to create counterplay over the a-file.} Qa6 23. Qc3 Rb4 24. Ne4 Rfb8 25.
Bg5 $1 $18 {[%csl Rc5]} Bf8 (25... f6 26. Bxf6 Bxf6 27. Nexf6+ gxf6 28. Nxf6+
$18) 26. Nhf6+ $1 gxf6 27. Nxf6+ Kh8 28. Nxd7 1-0